[Event "European Women's Championship"]
[Site "Vysoke Tatry"]
[Date "2018.04.14"]
[Round "7"]
[White "Kulon, Klaudia"]
[Black "Nechaeva, Marina"]
[Result "1-0"]
[Board "7"]
[WhiteElo "2319"]
[WhiteTitle "WGM"]
[WhiteCountry "POL"]
[WhiteFideId "1131044"]
[WhiteEloChange "13"]
[BlackElo "2413"]
[BlackTitle "IM"]
[BlackCountry "RUS"]
[BlackFideId "4149351"]
[BlackEloChange "-6"]

1. e4 {[%clk 1:30:57]} c6 {[%clk 1:30:55]} 2. d4 {[%clk 1:31:24]} d5 {[%clk
1:31:20]} 3. exd5 {[%clk 1:31:50]} cxd5 {[%clk 1:31:45]} 4. Bd3 {[%clk 1:32:16]}
Nc6 {[%clk 1:32:09]} 5. c3 {[%clk 1:32:42]} Qc7 {[%clk 1:32:01]} 6. Ne2 {[%clk
1:33:05]} Bg4 {[%clk 1:32:03]} 7. O-O {[%clk 1:33:29]} e6 {[%clk 1:32:22]} 8. Qe1
{[%clk 1:33:50]} Bxe2 {[%clk 1:32:46]} 9. Qxe2 {[%clk 1:34:18]} Nf6 {[%clk
1:33:10]} 10. Nd2 {[%clk 1:34:41]} Be7 {[%clk 1:31:42]} 11. g3 {[%clk 1:34:06]}
O-O {[%clk 1:29:37]} 12. f4 {[%clk 1:34:09]} Bd6 {[%clk 1:18:30]} 13. Nf3 {[%clk
1:34:27]} Rae8 {[%clk 1:14:12]} 14. Bd2 {[%clk 1:34:04]} a6 {[%clk 1:11:16]} 15.
Ne5 {[%clk 1:32:47]} Nd7 {[%clk 1:10:14]} 16. Rae1 {[%clk 1:32:18]} f6 {[%clk
1:04:41]} 17. Nf3 {[%clk 1:15:38]} Qc8 {[%clk 0:47:10]} 18. Qg2 {[%clk 1:11:26]}
f5 {[%clk 0:44:25]} 19. g4 {[%clk 1:10:53]} Nf6 {[%clk 0:44:07]} 20. gxf5 {[%clk
1:08:51]} exf5 {[%clk 0:44:34]} 21. c4 {[%clk 1:05:39]} dxc4 {[%clk 0:42:23]} 22.
Bxc4+ {[%clk 1:05:55]} Kh8 {[%clk 0:42:47]} 23. Ng5 {[%clk 1:02:59]} Rxe1 {[%clk
0:35:26]} 24. Rxe1 {[%clk 1:03:06]} Nd8 {[%clk 0:35:53]} 25. Bb3 {[%clk 1:01:38]}
Qc7 {[%clk 0:31:25]} 26. Rf1 {[%clk 0:59:01]} g6 {[%clk 0:22:11]} 27. Rc1 {[%clk
0:42:03]} Qb8 {[%clk 0:21:19]} 28. Qf2 {[%clk 0:35:20]} Kg7 {[%clk 0:20:17]} 29.
Qh4 {[%clk 0:33:38]} h6 {[%clk 0:19:58]} 30. Nf3 {[%clk 0:33:58]} Qa7 {[%clk
0:14:54]} 31. Kh1 {[%clk 0:32:52]} b5 {[%clk 0:14:39]} 32. Rg1 {[%clk 0:25:45]}
Qb7 {[%clk 0:14:21]} 33. d5 {[%clk 0:26:02]} Nxd5 {[%clk 0:11:06]} 34. Rg2 {[%clk
0:25:49]} Ne6 {[%clk 0:08:59]} 35. Ne5 {[%clk 0:16:12]} Bxe5 {[%clk 0:07:00]} 36.
fxe5 {[%clk 0:16:40]} g5 {[%clk 0:06:15]} 37. Qf2 {[%clk 0:17:07]} Qd7 {[%clk
0:04:18]} 38. h4 {[%clk 0:17:06]} f4 {[%clk 0:02:25]} 39. Qf3 {[%clk 0:16:27]}
Ndc7 {[%clk 0:00:53]} 40. Bb4 {[%clk 0:46:08]} Rf5 {[%clk 0:30:41]} 41. Qe4
{[%clk 0:41:37]} Rf7 {[%clk 0:22:07]} 42. h5 {[%clk 0:35:50]} Kh8 {[%clk
0:12:09]} 43. Rd2 {[%clk 0:34:22]} Qe8 {[%clk 0:12:17]} 44. Qg6 {[%clk 0:33:47]}
f3 {[%clk 0:09:31]} 45. Kg1 {[%clk 0:31:34]} g4 {[%clk 0:07:56]} 46. Qxh6+ {[%clk
0:28:18]} Kg8 {[%clk 0:08:11]} 47. Qg6+ {[%clk 0:28:38]} Kh8 {[%clk 0:08:36]} 48.
h6 {[%clk 0:26:08]} g3 {[%clk 0:04:38]} 49. Qxg3 {[%clk 0:26:17]} Rf5 {[%clk
0:05:01]} 50. Kf1 {[%clk 0:25:09]} Qc6 {[%clk 0:03:15]} 51. Rd8+ {[%clk 0:23:05]}
Kh7 {[%clk 0:03:41]} 52. Qg8+ {[%clk 0:23:29]} Kxh6 {[%clk 0:04:07]} 53. Bd2+
{[%clk 0:23:53]} Kh5 {[%clk 0:03:37]} 54. Qh7+ {[%clk 0:23:45]} Kg4 {[%clk
0:04:00]} 55. Rh8 {[%clk 0:23:49]} 1-0

[Event "European Women's Championship"]
[Site "Vysoke Tatry"]
[Date "2018.04.14"]
[Round "7"]
[White "Batsiashvili, Nino"]
[Black "Mammadzada, Gunay"]
[Result "0-1"]
[Board "8"]
[WhiteElo "2521"]
[WhiteTitle "IM"]
[WhiteCountry "GEO"]
[WhiteFideId "13602993"]
[WhiteEloChange "-7"]
[BlackElo "2392"]
[BlackTitle "IM"]
[BlackCountry "AZE"]
[BlackFideId "13403729"]
[BlackEloChange "14"]

1. d4 {[%clk 1:30:57]} d5 {[%clk 1:30:52]} 2. c4 {[%clk 1:31:24]} c6 {[%clk
1:31:17]} 3. Nf3 {[%clk 1:31:49]} Nf6 {[%clk 1:31:43]} 4. Nc3 {[%clk 1:32:15]}
dxc4 {[%clk 1:32:03]} 5. e4 {[%clk 1:32:40]} b5 {[%clk 1:32:12]} 6. Be2 {[%clk
1:33:04]} e6 {[%clk 1:32:26]} 7. O-O {[%clk 1:33:26]} Bb7 {[%clk 1:31:51]} 8. b3
{[%clk 1:32:51]} b4 {[%clk 1:30:26]} 9. e5 {[%clk 1:32:31]} Nd5 {[%clk 1:29:25]}
10. Nxd5 {[%clk 1:32:07]} cxd5 {[%clk 1:29:39]} 11. bxc4 {[%clk 1:32:32]} dxc4
{[%clk 1:29:52]} 12. Bxc4 {[%clk 1:32:56]} Be7 {[%clk 1:27:13]} 13. Be3 {[%clk
1:28:41]} O-O {[%clk 1:21:17]} 14. Nd2 {[%clk 1:25:57]} Nd7 {[%clk 1:17:21]} 15.
Qg4 {[%clk 1:24:51]} Kh8 {[%clk 1:10:24]} 16. Qh3 {[%clk 1:00:39]} g6 {[%clk
0:55:53]} 17. Bh6 {[%clk 0:47:05]} Re8 {[%clk 0:56:06]} 18. Nf3 {[%clk 0:44:43]}
Rc8 {[%clk 0:45:06]} 19. Rac1 {[%clk 0:43:43]} Rxc4 {[%clk 0:34:53]} 20. Rxc4
{[%clk 0:43:48]} Ba6 {[%clk 0:35:17]} 21. Rfc1 {[%clk 0:38:23]} Bxc4 {[%clk
0:35:20]} 22. Rxc4 {[%clk 0:38:51]} Nb6 {[%clk 0:23:19]} 23. Rc2 {[%clk 0:37:10]}
Nd5 {[%clk 0:21:39]} 24. Qg4 {[%clk 0:36:34]} Qd7 {[%clk 0:19:41]} 25. Ng5 {[%clk
0:31:44]} Bxg5 {[%clk 0:18:10]} 26. Bxg5 {[%clk 0:32:02]} Rc8 {[%clk 0:11:39]}
27. Rc5 {[%clk 0:29:19]} h5 {[%clk 0:10:28]} 28. Qf3 {[%clk 0:27:38]} Rxc5 {[%clk
0:07:07]} 29. dxc5 {[%clk 0:28:07]} Qc7 {[%clk 0:07:32]} 30. h4 {[%clk 0:14:08]}
Kg8 {[%clk 0:07:49]} 31. g4 {[%clk 0:09:40]} hxg4 {[%clk 0:07:21]} 32. Qxg4
{[%clk 0:10:02]} Qxc5 {[%clk 0:06:42]} 33. h5 {[%clk 0:09:59]} gxh5 {[%clk
0:04:07]} 34. Qg2 {[%clk 0:07:11]} Qc2 {[%clk 0:02:49]} 35. Kh2 {[%clk 0:03:59]}
Qg6 {[%clk 0:02:44]} 36. f4 {[%clk 0:02:51]} Kh7 {[%clk 0:02:55]} 37. Qf2 {[%clk
0:03:02]} Qf5 {[%clk 0:01:04]} 38. Kg3 {[%clk 0:00:34]} Kg6 {[%clk 0:01:15]} 39.
Qd4 {[%clk 0:00:36]} a5 {[%clk 0:01:20]} 40. Qc4 {[%clk 0:30:53]} Qg4+ {[%clk
0:30:39]} 41. Kf2 {[%clk 0:31:10]} h4 {[%clk 0:29:30]} 42. Qc8 {[%clk 0:27:39]}
Qg3+ {[%clk 0:28:51]} 43. Kf1 {[%clk 0:18:20]} Nxf4 {[%clk 0:28:49]} 44. Qg8+
{[%clk 0:18:43]} Kf5 {[%clk 0:29:09]} 45. Qxf7+ {[%clk 0:18:25]} Kxg5 {[%clk
0:29:14]} 46. Qg7+ {[%clk 0:18:08]} Kf5 {[%clk 0:29:19]} 47. Qf6+ {[%clk
0:17:55]} Ke4 {[%clk 0:29:35]} 0-1

[Event "European Women's Championship"]
[Site "Vysoke Tatry"]
[Date "2018.04.14"]
[Round "7"]
[White "Sebag, Marie"]
[Black "Shuvalova, Polina"]
[Result "1/2-1/2"]
[Board "9"]
[WhiteElo "2492"]
[WhiteTitle "GM"]
[WhiteCountry "FRA"]
[WhiteFideId "617822"]
[WhiteEloChange "-1"]
[BlackElo "2389"]
[BlackTitle "WIM"]
[BlackCountry "RUS"]
[BlackFideId "24171760"]
[BlackEloChange "3"]

1. e4 {[%clk 1:30:53]} c5 {[%clk 1:30:58]} 2. Nf3 {[%clk 1:31:02]} Nc6 {[%clk
1:31:24]} 3. c3 {[%clk 1:31:27]} d5 {[%clk 1:31:39]} 4. exd5 {[%clk 1:31:41]}
Qxd5 {[%clk 1:32:06]} 5. d4 {[%clk 1:32:03]} Bg4 {[%clk 1:32:07]} 6. Be2 {[%clk
1:31:04]} cxd4 {[%clk 1:32:06]} 7. cxd4 {[%clk 1:29:08]} e6 {[%clk 1:32:24]} 8.
Nc3 {[%clk 0:58:08]} Qa5 {[%clk 1:32:46]} 9. h3 {[%clk 0:55:05]} Bh5 {[%clk
1:32:17]} 10. O-O {[%clk 0:49:34]} Nf6 {[%clk 1:32:27]} 11. a3 {[%clk 0:45:01]}
Bd6 {[%clk 1:31:09]} 12. Be3 {[%clk 0:43:59]} O-O {[%clk 1:31:27]} 13. Qb3 {[%clk
0:39:24]} Ne7 {[%clk 1:24:16]} 14. Nb5 {[%clk 0:33:24]} Bb8 {[%clk 1:20:07]} 15.
Nc3 {[%clk 0:31:11]} Bd6 {[%clk 1:19:21]} 16. Nb5 {[%clk 0:31:34]} Bb8 {[%clk
1:18:36]} 17. Nc3 {[%clk 0:31:59]} Bd6 {[%clk 1:18:32]} 1/2-1/2

[Event "European Women's Championship"]
[Site "Vysoke Tatry"]
[Date "2018.04.14"]
[Round "7"]
[White "Schleining, Zoya"]
[Black "Khotenashvili, Bela"]
[Result "1-0"]
[Board "10"]
[WhiteElo "2382"]
[WhiteTitle "IM"]
[WhiteCountry "GER"]
[WhiteFideId "4671660"]
[WhiteEloChange "13"]
[BlackElo "2484"]
[BlackTitle "GM"]
[BlackCountry "GEO"]
[BlackFideId "13602640"]
[BlackEloChange "-6"]

1. d4 {[%clk 1:30:57]} g6 {[%clk 1:30:25]} 2. e4 {[%clk 1:30:51]} Bg7 {[%clk
1:30:49]} 3. Nf3 {[%clk 1:30:55]} d6 {[%clk 1:29:22]} 4. c3 {[%clk 1:29:54]} Nd7
{[%clk 1:28:52]} 5. Bc4 {[%clk 1:28:12]} e6 {[%clk 1:23:56]} 6. Bb3 {[%clk
1:25:53]} Ne7 {[%clk 1:22:04]} 7. Na3 {[%clk 1:22:05]} b6 {[%clk 1:12:13]} 8. O-O
{[%clk 1:19:29]} Bb7 {[%clk 1:11:17]} 9. Re1 {[%clk 1:18:57]} O-O {[%clk
1:10:42]} 10. Bc2 {[%clk 1:14:22]} h6 {[%clk 0:51:07]} 11. Nc4 {[%clk 1:11:55]}
a5 {[%clk 0:43:49]} 12. a4 {[%clk 1:04:51]} e5 {[%clk 0:42:35]} 13. dxe5 {[%clk
0:58:00]} dxe5 {[%clk 0:42:51]} 14. b3 {[%clk 0:57:27]} Re8 {[%clk 0:33:03]} 15.
Ba3 {[%clk 0:56:26]} Qc8 {[%clk 0:29:27]} 16. Qe2 {[%clk 0:52:56]} Nc6 {[%clk
0:26:51]} 17. Rad1 {[%clk 0:51:46]} Nf8 {[%clk 0:24:30]} 18. Ne3 {[%clk 0:47:30]}
Ne6 {[%clk 0:24:51]} 19. g3 {[%clk 0:46:49]} Ne7 {[%clk 0:21:25]} 20. Bd3 {[%clk
0:39:37]} Ra7 {[%clk 0:10:28]} 21. Bb5 {[%clk 0:33:46]} c6 {[%clk 0:10:53]} 22.
Bd3 {[%clk 0:33:24]} Qc7 {[%clk 0:10:59]} 23. Nc4 {[%clk 0:32:48]} Nc8 {[%clk
0:11:19]} 24. Qe3 {[%clk 0:28:27]} c5 {[%clk 0:06:31]} 25. Bc1 {[%clk 0:28:23]}
Bc6 {[%clk 0:06:38]} 26. Qe2 {[%clk 0:23:23]} Rd8 {[%clk 0:06:12]} 27. Ne3 {[%clk
0:20:50]} Ne7 {[%clk 0:06:21]} 28. Nd2 {[%clk 0:18:32]} Qb7 {[%clk 0:04:50]} 29.
f3 {[%clk 0:16:19]} Nc7 {[%clk 0:03:25]} 30. Ndc4 {[%clk 0:13:43]} b5 {[%clk
0:02:20]} 31. axb5 {[%clk 0:14:07]} Nxb5 {[%clk 0:02:44]} 32. Qc2 {[%clk
0:14:11]} Qc7 {[%clk 0:02:01]} 33. Bf1 {[%clk 0:13:56]} Rxd1 {[%clk 0:01:34]} 34.
Rxd1 {[%clk 0:14:19]} h5 {[%clk 0:01:13]} 35. Na3 {[%clk 0:10:08]} Nd6 {[%clk
0:01:41]} 36. Qd3 {[%clk 0:09:23]} Nec8 {[%clk 0:01:33]} 37. Nec4 {[%clk
0:09:05]} Nb7 {[%clk 0:01:08]} 38. Be3 {[%clk 0:09:04]} Bf6 {[%clk 0:00:50]} 39.
Bh3 {[%clk 0:08:34]} Ra8 {[%clk 0:01:00]} 40. Bd7 {[%clk 0:37:37]} Ne7 {[%clk
0:30:59]} 41. Bxc6 {[%clk 0:37:35]} Qxc6 {[%clk 0:27:23]} 42. Nb2 {[%clk
0:36:30]} Rd8 {[%clk 0:24:28]} 43. Qc2 {[%clk 0:35:00]} Rxd1+ {[%clk 0:19:54]}
44. Qxd1 {[%clk 0:35:22]} Kg7 {[%clk 0:13:57]} 45. Nac4 {[%clk 0:33:06]} Qb5
{[%clk 0:10:09]} 46. h4 {[%clk 0:29:45]} Qc6 {[%clk 0:06:04]} 47. Na4 {[%clk
0:28:52]} Kg8 {[%clk 0:05:20]} 48. Kg2 {[%clk 0:28:50]} Kg7 {[%clk 0:05:23]} 49.
Nab6 {[%clk 0:27:58]} Qb5 {[%clk 0:03:52]} 50. Qd7 {[%clk 0:24:07]} Qc6 {[%clk
0:01:27]} 51. Kf1 {[%clk 0:19:49]} Qxd7 {[%clk 0:00:40]} 52. Nxd7 {[%clk
0:20:16]} Nc6 {[%clk 0:00:48]} 53. Nxc5 {[%clk 0:20:11]} Nxc5 {[%clk 0:01:02]}
54. Bxc5 {[%clk 0:20:35]} Bd8 {[%clk 0:00:57]} 55. b4 {[%clk 0:14:25]} axb4
{[%clk 0:01:03]} 56. cxb4 {[%clk 0:14:53]} Kf6 {[%clk 0:01:20]} 57. b5 {[%clk
0:14:45]} Nb8 {[%clk 0:01:41]} 58. b6 {[%clk 0:13:28]} Nd7 {[%clk 0:01:54]} 59.
b7 {[%clk 0:12:21]} Bc7 {[%clk 0:02:22]} 60. Ba7 {[%clk 0:08:35]} Ke6 {[%clk
0:02:38]} 61. Ke2 {[%clk 0:08:06]} f6 {[%clk 0:01:02]} 62. Kd3 {[%clk 0:07:44]}
f5 {[%clk 0:00:48]} 63. Kc3 {[%clk 0:05:30]} fxe4 {[%clk 0:00:49]} 64. fxe4
{[%clk 0:05:58]} Nf6 {[%clk 0:00:48]} 65. Nd2 {[%clk 0:05:02]} Ba5+ {[%clk
0:00:40]} 66. Kd3 {[%clk 0:05:06]} 1-0

[Event "European Women's Championship"]
[Site "Vysoke Tatry"]
[Date "2018.04.14"]
[Round "7"]
[White "Kovanova, Baira"]
[Black "Pogonina, Natalija"]
[Result "1/2-1/2"]
[Board "11"]
[WhiteElo "2368"]
[WhiteTitle "WGM"]
[WhiteCountry "RUS"]
[WhiteFideId "4164083"]
[WhiteEloChange "3"]
[BlackElo "2474"]
[BlackTitle "WGM"]
[BlackCountry "RUS"]
[BlackFideId "4147855"]
[BlackEloChange "-1"]

1. e4 {[%clk 1:30:58]} e5 {[%clk 1:30:55]} 2. Nf3 {[%clk 1:31:22]} Nc6 {[%clk
1:31:20]} 3. Bc4 {[%clk 1:31:38]} Bc5 {[%clk 1:31:27]} 4. c3 {[%clk 1:32:02]} Nf6
{[%clk 1:31:37]} 5. d4 {[%clk 1:32:21]} exd4 {[%clk 1:31:39]} 6. e5 {[%clk
1:32:36]} d5 {[%clk 1:31:07]} 7. Bb5 {[%clk 1:32:59]} Ne4 {[%clk 1:30:51]} 8.
cxd4 {[%clk 1:33:23]} Bb6 {[%clk 1:29:35]} 9. Nc3 {[%clk 1:31:48]} O-O {[%clk
1:29:14]} 10. Be3 {[%clk 1:31:51]} Bf5 {[%clk 1:20:38]} 11. O-O {[%clk 1:31:30]}
f6 {[%clk 1:07:55]} 12. Bxc6 {[%clk 1:15:59]} Nxc3 {[%clk 0:58:05]} 13. bxc3
{[%clk 1:12:19]} bxc6 {[%clk 0:58:30]} 14. exf6 {[%clk 1:09:01]} Qxf6 {[%clk
0:57:41]} 15. Ne5 {[%clk 1:08:54]} Qd6 {[%clk 0:43:56]} 16. Rc1 {[%clk 1:01:54]}
c5 {[%clk 0:39:52]} 17. Qa4 {[%clk 0:55:44]} Rae8 {[%clk 0:34:32]} 18. f4 {[%clk
0:48:25]} c4 {[%clk 0:30:51]} 19. Kh1 {[%clk 0:38:47]} Rc8 {[%clk 0:24:15]} 20.
Rcd1 {[%clk 0:37:54]} c6 {[%clk 0:23:28]} 21. Bc1 {[%clk 0:35:00]} Rfe8 {[%clk
0:22:11]} 22. Ba3 {[%clk 0:29:38]} 1/2-1/2

[Event "European Women's Championship"]
[Site "Vysoke Tatry"]
[Date "2018.04.14"]
[Round "7"]
[White "Socko, Monika"]
[Black "Voit, Daria"]
[Result "0-1"]
[Board "12"]
[WhiteElo "2471"]
[WhiteTitle "GM"]
[WhiteCountry "POL"]
[WhiteFideId "1106619"]
[WhiteEloChange "-6"]
[BlackElo "2388"]
[BlackTitle "FM"]
[BlackCountry "RUS"]
[BlackFideId "4182146"]
[BlackEloChange "12"]

1. d4 {[%clk 1:30:57]} Nf6 {[%clk 1:30:57]} 2. c4 {[%clk 1:31:22]} e6 {[%clk
1:30:49]} 3. Nf3 {[%clk 1:31:47]} Bb4+ {[%clk 1:31:13]} 4. Bd2 {[%clk 1:32:13]}
c5 {[%clk 1:31:28]} 5. Bxb4 {[%clk 1:32:23]} cxb4 {[%clk 1:31:56]} 6. g3 {[%clk
1:32:49]} O-O {[%clk 1:31:36]} 7. Bg2 {[%clk 1:33:15]} d6 {[%clk 1:31:59]} 8. O-O
{[%clk 1:33:38]} Nc6 {[%clk 1:32:25]} 9. Qd3 {[%clk 1:33:17]} e5 {[%clk 1:31:20]}
10. Nbd2 {[%clk 1:31:07]} Bg4 {[%clk 1:31:11]} 11. e4 {[%clk 1:29:18]} Bxf3
{[%clk 1:31:09]} 12. Nxf3 {[%clk 1:29:25]} Qc7 {[%clk 1:30:25]} 13. Rac1 {[%clk
1:27:13]} Rfd8 {[%clk 1:27:07]} 14. Rfd1 {[%clk 1:17:58]} b6 {[%clk 1:20:34]} 15.
Qe3 {[%clk 1:14:28]} Rac8 {[%clk 1:11:59]} 16. Bh3 {[%clk 1:08:02]} Rb8 {[%clk
1:10:46]} 17. d5 {[%clk 1:01:07]} Na5 {[%clk 1:08:45]} 18. Ne1 {[%clk 0:59:00]}
Nb7 {[%clk 1:08:06]} 19. Nd3 {[%clk 0:58:11]} a5 {[%clk 1:07:57]} 20. f4 {[%clk
0:51:43]} Nc5 {[%clk 1:03:53]} 21. fxe5 {[%clk 0:47:45]} dxe5 {[%clk 1:03:28]}
22. Nf2 {[%clk 0:43:15]} Ne8 {[%clk 1:02:19]} 23. g4 {[%clk 0:41:46]} Qe7 {[%clk
0:59:28]} 24. g5 {[%clk 0:34:26]} Rd6 {[%clk 0:58:46]} 25. Kh1 {[%clk 0:34:22]}
Rg6 {[%clk 0:45:10]} 26. Rg1 {[%clk 0:34:43]} f6 {[%clk 0:45:14]} 27. Bf5 {[%clk
0:28:16]} Rxg5 {[%clk 0:45:25]} 28. Rxg5 {[%clk 0:28:22]} fxg5 {[%clk 0:45:51]}
29. Rg1 {[%clk 0:28:50]} Nd6 {[%clk 0:42:26]} 30. Rxg5 {[%clk 0:28:39]} Nxc4
{[%clk 0:41:52]} 31. Qg3 {[%clk 0:28:30]} Nd6 {[%clk 0:41:12]} 32. Be6+ {[%clk
0:26:07]} Kh8 {[%clk 0:38:51]} 33. Rxe5 {[%clk 0:23:50]} Rf8 {[%clk 0:38:07]} 34.
Bf5 {[%clk 0:23:43]} Qf6 {[%clk 0:36:20]} 35. Ng4 {[%clk 0:13:10]} Qg5 {[%clk
0:35:16]} 36. Qe3 {[%clk 0:10:56]} Qh4 {[%clk 0:22:37]} 37. b3 {[%clk 0:09:14]}
g6 {[%clk 0:20:36]} 38. Qd4 {[%clk 0:05:04]} Qe1+ {[%clk 0:16:35]} 39. Kg2 {[%clk
0:05:31]} Qc3 {[%clk 0:16:36]} 40. Qe3 {[%clk 0:31:04]} gxf5 {[%clk 0:40:42]} 41.
exf5 {[%clk 0:31:29]} Nxf5 {[%clk 0:30:43]} 42. Rxf5 {[%clk 0:25:09]} Rxf5 {[%clk
0:30:42]} 43. Qe8+ {[%clk 0:25:15]} Kg7 {[%clk 0:31:09]} 44. Qe7+ {[%clk
0:25:42]} Kg6 {[%clk 0:31:20]} 45. Qe8+ {[%clk 0:23:43]} Kg5 {[%clk 0:30:29]} 46.
h3 {[%clk 0:14:00]} Qf3+ {[%clk 0:29:16]} 47. Kh2 {[%clk 0:14:13]} Qf4+ {[%clk
0:29:40]} 48. Kg1 {[%clk 0:14:11]} Qg3+ {[%clk 0:30:00]} 0-1

[Event "European Women's Championship"]
[Site "Vysoke Tatry"]
[Date "2018.04.14"]
[Round "7"]
[White "Ovod, Evgenija"]
[Black "Javakhishvili, Lela"]
[Result "1/2-1/2"]
[Board "13"]
[WhiteElo "2366"]
[WhiteTitle "IM"]
[WhiteCountry "RUS"]
[WhiteFideId "4131827"]
[WhiteEloChange "3"]
[BlackElo "2467"]
[BlackTitle "IM"]
[BlackCountry "GEO"]
[BlackFideId "13601458"]
[BlackEloChange "-1"]

1. e4 {[%clk 1:30:57]} c5 {[%clk 1:30:47]} 2. c3 {[%clk 1:31:21]} Nf6 {[%clk
1:30:11]} 3. e5 {[%clk 1:31:40]} Nd5 {[%clk 1:30:36]} 4. Bc4 {[%clk 1:32:03]} e6
{[%clk 1:29:28]} 5. Nf3 {[%clk 1:32:25]} d6 {[%clk 1:28:07]} 6. d4 {[%clk
1:32:47]} cxd4 {[%clk 1:26:56]} 7. cxd4 {[%clk 1:33:11]} Nc6 {[%clk 1:25:49]} 8.
O-O {[%clk 1:33:24]} Nb6 {[%clk 1:23:20]} 9. Bb3 {[%clk 1:28:28]} dxe5 {[%clk
1:16:37]} 10. dxe5 {[%clk 1:28:53]} Qxd1 {[%clk 1:16:52]} 11. Rxd1 {[%clk
1:29:20]} Na5 {[%clk 1:15:49]} 12. Bc2 {[%clk 1:29:42]} Bd7 {[%clk 1:15:31]} 13.
Nc3 {[%clk 1:28:43]} Rc8 {[%clk 1:15:32]} 14. Be4 {[%clk 1:26:23]} Bb4 {[%clk
1:10:16]} 15. Ne2 {[%clk 1:19:16]} Ba4 {[%clk 0:57:41]} 16. b3 {[%clk 1:16:57]}
Bc6 {[%clk 0:57:49]} 17. Bd3 {[%clk 1:12:18]} Bxf3 {[%clk 0:45:14]} 18. gxf3
{[%clk 1:12:44]} Nc6 {[%clk 0:44:21]} 19. Bb2 {[%clk 1:10:03]} Nd5 {[%clk
0:38:15]} 20. f4 {[%clk 0:58:33]} g6 {[%clk 0:37:34]} 21. Kg2 {[%clk 0:50:19]}
O-O {[%clk 0:36:30]} 22. Rac1 {[%clk 0:46:42]} Rfd8 {[%clk 0:34:19]} 1/2-1/2

[Event "European Women's Championship"]
[Site "Vysoke Tatry"]
[Date "2018.04.14"]
[Round "7"]
[White "Fataliyeva, Ulviyya"]
[Black "Atalik, Ekaterina"]
[Result "0-1"]
[Board "14"]
[WhiteElo "2361"]
[WhiteTitle "WGM"]
[WhiteCountry "AZE"]
[WhiteFideId "13403052"]
[WhiteEloChange "-7"]
[BlackElo "2452"]
[BlackTitle "IM"]
[BlackCountry "TUR"]
[BlackFideId "4130189"]
[BlackEloChange "4"]

1. e4 {[%clk 1:30:52]} c6 {[%clk 1:30:46]} 2. d3 {[%clk 1:31:12]} d5 {[%clk
1:30:14]} 3. Nd2 {[%clk 1:31:39]} e5 {[%clk 1:28:28]} 4. Ngf3 {[%clk 1:32:05]}
Bd6 {[%clk 1:28:06]} 5. g3 {[%clk 1:32:23]} Ne7 {[%clk 1:26:36]} 6. Bg2 {[%clk
1:32:46]} O-O {[%clk 1:25:08]} 7. O-O {[%clk 1:33:03]} Nd7 {[%clk 1:21:40]} 8. c3
{[%clk 1:32:00]} Bc7 {[%clk 1:17:09]} 9. Qc2 {[%clk 1:30:41]} a5 {[%clk 1:14:36]}
10. b3 {[%clk 1:30:10]} Re8 {[%clk 1:08:48]} 11. Ba3 {[%clk 1:28:36]} Nf6 {[%clk
1:05:26]} 12. Rfe1 {[%clk 1:25:30]} Ng6 {[%clk 0:54:39]} 13. Rad1 {[%clk
1:25:18]} Bg4 {[%clk 0:51:13]} 14. h3 {[%clk 1:24:07]} Bxf3 {[%clk 0:50:42]} 15.
Bxf3 {[%clk 1:20:28]} Qd7 {[%clk 0:50:12]} 16. Kg2 {[%clk 1:20:33]} Rad8 {[%clk
0:47:59]} 17. Nf1 {[%clk 1:09:07]} d4 {[%clk 0:44:16]} 18. c4 {[%clk 1:06:01]}
Bd6 {[%clk 0:44:06]} 19. c5 {[%clk 1:05:13]} Be7 {[%clk 0:42:11]} 20. b4 {[%clk
1:02:33]} axb4 {[%clk 0:38:15]} 21. Bxb4 {[%clk 1:02:49]} b6 {[%clk 0:34:22]} 22.
Rb1 {[%clk 1:01:09]} bxc5 {[%clk 0:32:50]} 23. Bxc5 {[%clk 1:00:29]} Bxc5 {[%clk
0:33:01]} 24. Qxc5 {[%clk 1:00:57]} Ra8 {[%clk 0:31:43]} 25. Rb2 {[%clk 0:54:26]}
h5 {[%clk 0:20:40]} 26. Reb1 {[%clk 0:49:34]} h4 {[%clk 0:20:47]} 27. Bd1 {[%clk
0:49:10]} hxg3 {[%clk 0:20:49]} 28. fxg3 {[%clk 0:49:31]} Qe6 {[%clk 0:17:11]}
29. Bb3 {[%clk 0:49:33]} Nd7 {[%clk 0:16:45]} 30. Qc1 {[%clk 0:47:19]} Qe7 {[%clk
0:17:09]} 31. Qxc6 {[%clk 0:41:58]} Nf6 {[%clk 0:16:06]} 32. Qc1 {[%clk 0:36:25]}
Nh5 {[%clk 0:14:16]} 33. Rf2 {[%clk 0:34:41]} Rf8 {[%clk 0:13:16]} 34. Bd5 {[%clk
0:33:43]} Ra7 {[%clk 0:13:25]} 35. Rb6 {[%clk 0:33:05]} Ngf4+ {[%clk 0:11:46]}
36. gxf4 {[%clk 0:30:24]} Nxf4+ {[%clk 0:12:01]} 37. Rxf4 {[%clk 0:29:07]} Qg5+
{[%clk 0:11:49]} 38. Kh2 {[%clk 0:26:07]} exf4 {[%clk 0:11:47]} 39. Rb2 {[%clk
0:26:10]} Ra6 {[%clk 0:09:50]} 40. Rg2 {[%clk 0:43:49]} Qe5 {[%clk 0:32:09]} 41.
Rf2 {[%clk 0:33:04]} Rf6 {[%clk 0:27:57]} 42. Kg2 {[%clk 0:37:18]} Qg5+ {[%clk
0:20:19]} 43. Kh1 {[%clk 0:36:12]} Qh5 {[%clk 0:20:03]} 44. Nh2 {[%clk 0:30:35]}
Qxh3 {[%clk 0:18:59]} 45. Rf3 {[%clk 0:21:48]} Qh4 {[%clk 0:15:05]} 46. Qf1
{[%clk 0:21:25]} Rh6 {[%clk 0:10:49]} 47. Qf2 {[%clk 0:21:23]} g5 {[%clk
0:09:53]} 48. Qxh4 {[%clk 0:20:17]} Rxh4 {[%clk 0:10:16]} 49. Rf2 {[%clk
0:15:39]} Kg7 {[%clk 0:10:02]} 50. Kg1 {[%clk 0:14:36]} Rh3 {[%clk 0:08:39]} 51.
Rg2 {[%clk 0:11:22]} f6 {[%clk 0:08:29]} 52. Rd2 {[%clk 0:09:46]} Rfh8 {[%clk
0:07:33]} 53. Be6 {[%clk 0:09:33]} Rg3+ {[%clk 0:07:15]} 54. Kf1 {[%clk 0:09:37]}
Rb8 {[%clk 0:07:06]} 55. Kf2 {[%clk 0:07:11]} Rb1 {[%clk 0:06:06]} 56. Nf1 {[%clk
0:06:34]} Re3 {[%clk 0:06:24]} 57. a4 {[%clk 0:04:14]} Ra1 {[%clk 0:05:43]} 58.
Bd7 {[%clk 0:03:39]} Kf8 {[%clk 0:05:34]} 59. Kg2 {[%clk 0:01:23]} Ke7 {[%clk
0:05:16]} 60. Bf5 {[%clk 0:01:13]} Ree1 {[%clk 0:03:11]} 61. Nh2 {[%clk 0:01:33]}
Rxa4 {[%clk 0:02:34]} 62. Rc2 {[%clk 0:01:01]} Re3 {[%clk 0:02:24]} 63. Nf3
{[%clk 0:00:41]} Rxd3 {[%clk 0:02:14]} 64. e5 {[%clk 0:00:34]} Rc3 {[%clk
0:02:32]} 65. Rb2 {[%clk 0:00:35]} fxe5 {[%clk 0:02:53]} 66. Be4 {[%clk 0:00:34]}
d3 {[%clk 0:02:32]} 67. Rb7+ {[%clk 0:00:36]} Kd8 {[%clk 0:02:06]} 68. Nxg5
{[%clk 0:00:39]} Ra2+ {[%clk 0:02:03]} 69. Kh3 {[%clk 0:00:34]} d2+ {[%clk
0:02:30]} 0-1